A Marxist commentary on economic developments in India, 1951-1965; (Record no. 77593)

MARC details
000 -LEADER
fixed length control field 00659nam a22002291 4500
001 - CONTROL NUMBER
control field sa 68000970
003 - CONTROL NUMBER IDENTIFIER
control field DLC
005 - DATE AND TIME OF LATEST TRANSACTION
control field 20260227112428.0
008 - FIXED-LENGTH DATA ELEMENTS--GENERAL INFORMATION
fixed length control field 711108s1967 ii 00000 eng
010 ## - LIBRARY OF CONGRESS CONTROL NUMBER
LC control number sa 68000970
025 ## - OVERSEAS ACQUISITION NUMBER
Overseas acquisition number PL480:I-E-9317
043 ## - GEOGRAPHIC AREA CODE
Geographic area code a-ii---
050 0# - LIBRARY OF CONGRESS CALL NUMBER
Classification number HC435.2
Item number .R6
082 ## - DEWEY DECIMAL CLASSIFICATION NUMBER
Classification number 330.954
100 10 - MAIN ENTRY--PERSONAL NAME
Personal name Roy, Ajit.
245 12 - TITLE STATEMENT
Title A Marxist commentary on economic developments in India, 1951-1965;
Remainder of title a selection of articles and notes.
260 0# - PUBLICATION, DISTRIBUTION, ETC.
Place of publication, distribution, etc. Calcutta,
Name of publisher, distributor, etc. National Publishers
Date of publication, distribution, etc. [1967]
300 ## - PHYSICAL DESCRIPTION
Extent 160 p.
Dimensions 23 cm.
350 ## - PRICE (NR) (BK AM CF MU VM SE) [OBSOLETE]
Price Rs6
-- $1.50
651 #0 - SUBJECT ADDED ENTRY--GEOGRAPHIC NAME
Geographic name India
General subdivision Economic conditions
Chronological subdivision 1947-
650 #0 - SUBJECT ADDED ENTRY--TOPICAL TERM
Topical term or geographic name entry element Marxian economics.

No items available.

Powered by Koha